[Event "Challenge"]
[Site "http://www.queenalice.com/game.php?id=1868364"]
[Date "2026.1.23"]
[Round "-"]
[White "Slarty_Bartfast"]
[Black "PRZ"]
[Result "1-0"]
[WhiteElo "1786"]
[BlackElo "1501"]

1. d4 e6 2. c4 b6 3. Nc3 d5 4. Nf3 dxc4 5. e4 Bb7 6. Bxc4 Bb4 7. Qa4+ Nc6 8. a3
Be7 9. d5 exd5 10. exd5 a6 11. dxc6 Bc8 12. Be3 Qd6 13. Rd1 Qg6 14. O-O Bg4 15.
Bxf7+ Qxf7 16. Qxg4 h5 17. Qd7+ Kf8 18. Ne5 Qb3 19. Ng6+ Kf7 20. Nxh8+ 1-0

[Event "AUTO-ADV-4915"]
[Site "http://www.queenalice.com/game.php?id=1868450"]
[Date "2026.1.26"]
[Round "1"]
[White "Magnaroc"]
[Black "Slarty_Bartfast"]
[Result "0-1"]
[WhiteElo "1605"]
[BlackElo "1850"]

1. e4 d6 2. d4 Nf6 3. Nc3 g6 4. Nf3 Bg7 5. Be2 O-O 6. O-O c5 7. dxc5 dxc5 8.
Qxd8 Rxd8 9. Bg5 h6 10. Bxf6 Bxf6 11. Nd5 Nc6 0-1

[Event "AUTO-ADV-4915"]
[Site "http://www.queenalice.com/game.php?id=1868451"]
[Date "2026.1.26"]
[Round "1"]
[White "Slarty_Bartfast"]
[Black "Magnaroc"]
[Result "1-0"]
[WhiteElo "1856"]
[BlackElo "1599"]

1. d4 e6 2. c4 c5 3. d5 exd5 4. cxd5 d6 5. e4 Nf6 6. Nc3 g6 7. Bc4 Bg7 8. Nf3
Bg4 9. h3 Bxf3 10. Qxf3 Nbd7 11. Bf4 Nb6 12. Bb5+ Ke7 13. O-O 1-0

[Event "AUTO-ADV-4915"]
[Site "http://www.queenalice.com/game.php?id=1868472"]
[Date "2026.1.26"]
[Round "1"]
[White "Capixaba789"]
[Black "Slarty_Bartfast"]
[Result "1-0"]
[WhiteElo "1908"]
[BlackElo "1798"]

1. d4 d6 2. e4 Nf6 3. Bd3 g6 4. f4 Bg7 5. Nf3 O-O 6. O-O Nbd7 7. Nc3 b6 8. Qe1
Re8 9. Bd2 Bb7 10. e5 Nd5 11. e6 N7f6 12. Ng5 fxe6 13. Qxe6+ 1-0

[Event "AUTO-ADV-4915"]
[Site "http://www.queenalice.com/game.php?id=1868473"]
[Date "2026.1.26"]
[Round "1"]
[White "Slarty_Bartfast"]
[Black "Capixaba789"]
[Result "0-1"]
[WhiteElo "1815"]
[BlackElo "1981"]

1. d4 f5 2. c4 Nf6 3. Nc3 e6 4. Nf3 Be7 5. e3 O-O 6. Bd3 b6 7. Bd2 Nc6 8. O-O
Bb7 9. a3 a5 10. Qc2 Kh8 11. Rfe1 Qe8 12. e4 d6 13. exf5 e5 14. dxe5 dxe5 15.
Nxe5 Nxe5 16. Rxe5 Qf7 17. Rae1 Bd6 18. R5e2 Bxh2+ 19. Kf1 Bd6 20. Nb5 Qh5 21.
f3 Bg3 22. Re7 Qh1+ 23. Ke2 Qxg2+ 24. Kd1 Bxf3+ 25. Kc1 Bxe1 26. Rxe1 c6 27. Nc7
Rac8 28. Ne6 Rfe8 29. Nf4 Rxe1+ 30. Bxe1 Qh1 31. Qd2 Rd8 32. Qc3 b5 33. Qxa5 Re8
34. Ne6 bxc4 35. Bc2 Bd5 36. Qd2 Bxe6 37. fxe6 Rxe6 38. Kd1 Re7 39. a4 Rd7 0-1